[Event "DVM U16 2020"]
[Site "Willingen GER"]
[Date "2021.06.24"]
[Round "2"]
[White "Weihrauch, Jakob"]
[Black "Nguyen, Alex Dac-Vuong"]
[Result "0-1"]
[Termination "normal"]
[Board "1.1"]
[BlackTitle "FM"]
[WhiteElo "2146"]
[BlackElo "2307"]
[WhiteClock "00:01:17"]
[BlackClock "00:18:38"]
[WhiteTeam "Hamburger SK von 1830"]
[BlackTeam "Schachgemeinschaft Leipzig"]
[PlyCount "154"]
[WhiteFideId "16210115"]
[BlackFideId "12984388"]
[EventCountry "GER"]
[EventRounds "7"]
[EventType "team-swiss"]
[EventDate "2021.06.23"]

1. e4 {[%clk 1:30:54]} 1... c6 {[%clk 1:30:55]} 2. d4 {[%clk 1:31:18]} 2... d5
{[%clk 1:31:19]} 3. f3 {[%clk 1:28:49]} 3... e6 {[%clk 1:31:39]} 4. Be3 { [%clk
1:27:37]} 4... Qb6 {[%clk 1:25:39]} 5. Qc1 {[%clk 1:24:11]} 5... Nf6 { [%clk
1:25:31]} 6. Nd2 {[%clk 1:21:40]} 6... c5 {[%clk 1:17:55]} 7. dxc5 { [%clk
1:20:47]} 7... Bxc5 {[%clk 1:16:59]} 8. Bxc5 {[%clk 1:21:14]} 8... Qxc5 { [%clk
1:17:22]} 9. Nb3 {[%clk 1:21:35]} 9... Qc7 {[%clk 1:16:56]} 10. exd5 { [%clk
1:10:37]} 10... Qe5+ {[%clk 1:13:40]} 11. Kf2 {[%clk 1:10:00]} 11... Nxd5
{[%clk 1:13:19]} 12. Bd3 {[%clk 1:01:42]} 12... O-O {[%clk 1:11:08]} 13. Ne2 {
[%clk 0:55:07]} 13... Nc6 {[%clk 1:08:34]} 14. c3 {[%clk 0:50:03]} 14... Qc7 {
[%clk 1:05:43]} 15. Be4 {[%clk 0:36:58]} 15... Qb6+ {[%clk 1:03:34]} 16. Ned4 {
[%clk 0:35:26]} 16... Rd8 {[%clk 0:51:39]} 17. Bxd5 {[%clk 0:26:25]} 17... Rxd5
{[%clk 0:50:58]} 18. Re1 {[%clk 0:22:10]} 18... Bd7 {[%clk 0:50:45]} 19. Re3 {
[%clk 0:20:05]} 19... e5 {[%clk 0:49:27]} 20. Nxc6 {[%clk 0:19:42]} 20... Bxc6
{[%clk 0:49:49]} 21. c4 {[%clk 0:19:22]} 21... Rd7 {[%clk 0:50:08]} 22. Qc3 {
[%clk 0:17:16]} 22... f6 {[%clk 0:49:27]} 23. Qa5 {[%clk 0:15:24]} 23... Qd8 {
[%clk 0:43:58]} 24. Qxd8+ {[%clk 0:15:23]} 24... Raxd8 {[%clk 0:44:15]} 25. Na5
{[%clk 0:14:16]} 25... Rd2+ {[%clk 0:43:32]} 26. Re2 {[%clk 0:14:40]} 26...
R2d3 {[%clk 0:41:11]} 27. Nxc6 {[%clk 0:14:30]} 27... bxc6 {[%clk 0:41:36]} 28.
Rc1 {[%clk 0:13:41]} 28... c5 {[%clk 0:37:49]} 29. Re3 {[%clk 0:13:48]} 29...
Rd2+ {[%clk 0:37:31]} 30. Re2 {[%clk 0:14:12]} 30... R2d3 {[%clk 0:26:52]} 31.
Re3 {[%clk 0:14:21]} 31... Rd2+ {[%clk 0:27:15]} 32. Re2 {[%clk 0:14:10]} 32...
R2d6 {[%clk 0:25:57]} 33. Re3 {[%clk 0:14:00]} 33... Ra6 {[%clk 0:26:11]} 34.
a3 {[%clk 0:11:50]} 34... Rb8 {[%clk 0:21:45]} 35. Rc2 {[%clk 0:11:41]} 35...
Rab6 {[%clk 0:21:28]} 36. Ree2 {[%clk 0:11:57]} 36... Kf7 {[%clk 0:21:16]} 37.
Red2 {[%clk 0:12:00]} 37... Ke6 {[%clk 0:20:19]} 38. Kg3 {[%clk 0:11:05]} 38...
R8b7 {[%clk 0:16:16]} 39. h4 {[%clk 0:06:06]} 39... h5 {[%clk 0:15:24]} 40. Kh3
{[%clk 0:02:47]} 40... Kf5 {[%clk 0:14:39]} 41. Kg3 {[%clk 0:02:12]} 41... g5 {
[%clk 0:14:01]} 42. hxg5 {[%clk 0:01:26]} 42... Kxg5 {[%clk 0:12:59]} 43. Kh2 {
[%clk 0:22:38]} 43... Kf4 {[%clk 0:39:17]} 44. Kh3 {[%clk 0:23:02]} 44... h4 {
[%clk 0:37:02]} 45. Re2 {[%clk 0:21:34]} 45... f5 {[%clk 0:36:47]} 46. Rcd2 {
[%clk 0:20:38]} 46... Rb3 {[%clk 0:36:26]} 47. Kh2 {[%clk 0:18:47]} 47... h3 {
[%clk 0:32:59]} 48. g3+ {[%clk 0:14:19]} 48... Kg5 {[%clk 0:27:29]} 49. Rxe5 {
[%clk 0:12:52]} 49... Rxf3 {[%clk 0:27:49]} 50. Kxh3 {[%clk 0:10:18]} 50...
Rh7+ {[%clk 0:27:10]} 51. Kg2 {[%clk 0:10:44]} 51... Kg4 {[%clk 0:27:26]} 52.
Rf2 {[%clk 0:05:17]} 52... Rxg3+ {[%clk 0:18:09]} 53. Kf1 {[%clk 0:05:45]}
53... f4 {[%clk 0:18:02]} 54. Re8 {[%clk 0:04:38]} 54... f3 {[%clk 0:17:44]}
55. Ke1 {[%clk 0:03:51]} 55... Rg1+ {[%clk 0:16:49]} 56. Rf1 {[%clk 0:03:50]}
56... Rxf1+ {[%clk 0:17:03]} 57. Kxf1 {[%clk 0:04:15]} 57... Rh1+ { [%clk
0:17:28]} 58. Kf2 {[%clk 0:04:40]} 58... Rh2+ {[%clk 0:17:51]} 59. Kf1 { [%clk
0:03:44]} 59... Rxb2 {[%clk 0:18:05]} 60. Re5 {[%clk 0:02:27]} 60... Ra2 {[%clk
0:16:51]} 61. Rxc5 {[%clk 0:02:46]} 61... Rxa3 {[%clk 0:17:17]} 62. Rc7 {[%clk
0:02:47]} 62... Kf5 {[%clk 0:15:55]} 63. Kf2 {[%clk 0:02:45]} 63... Ke4 {[%clk
0:16:21]} 64. Re7+ {[%clk 0:01:43]} 64... Kd4 {[%clk 0:16:23]} 65. Rf7 { [%clk
0:01:29]} 65... Kxc4 {[%clk 0:15:59]} 66. Rf4+ {[%clk 0:01:42]} 66... Kd5
{[%clk 0:15:37]} 67. Rf8 {[%clk 0:01:29]} 67... a5 {[%clk 0:15:41]} 68. Rd8+ {
[%clk 0:01:14]} 68... Kc4 {[%clk 0:16:00]} 69. Ra8 {[%clk 0:00:48]} 69... Kb4 {
[%clk 0:16:06]} 70. Rb8+ {[%clk 0:01:13]} 70... Ka4 {[%clk 0:16:26]} 71. Rb7 {
[%clk 0:01:19]} 71... Rc3 {[%clk 0:16:38]} 72. Rb8 {[%clk 0:01:33]} 72... Ka3 {
[%clk 0:17:01]} 73. Rb7 {[%clk 0:01:40]} 73... a4 {[%clk 0:17:26]} 74. Ra7 {
[%clk 0:01:49]} 74... Kb3 {[%clk 0:17:50]} 75. Rb7+ {[%clk 0:02:10]} 75... Ka2
{[%clk 0:18:15]} 76. Rb4 {[%clk 0:01:10]} 76... a3 {[%clk 0:18:38]} 77. Rb8 {
[%clk 0:01:17]} 77... Rb3 0-1

[Event "DVM U16 2020"]
[Site "Willingen GER"]
[Date "2021.06.24"]
[Round "2"]
[White "Haufe, Laurin"]
[Black "Kotyk, Michael"]
[Result "1/2-1/2"]
[Termination "normal"]
[Board "1.2"]
[WhiteElo "2052"]
[BlackElo "1960"]
[WhiteClock "00:20:45"]
[BlackClock "00:35:17"]
[WhiteTeam "Schachgemeinschaft Leipzig"]
[BlackTeam "Hamburger SK von 1830"]
[PlyCount "87"]
[WhiteFideId "12976504"]
[BlackFideId "16214501"]
[EventCountry "GER"]
[EventRounds "7"]
[EventType "team-swiss"]
[EventDate "2021.06.23"]

1. e4 {[%clk 1:30:55]} 1... e5 {[%clk 1:30:53]} 2. Nf3 {[%clk 1:31:18]} 2...
Nc6 {[%clk 1:31:18]} 3. Bc4 {[%clk 1:31:39]} 3... Bc5 {[%clk 1:31:25]} 4. O-O {
[%clk 1:31:48]} 4... Nf6 {[%clk 1:31:25]} 5. d3 {[%clk 1:32:05]} 5... a6 {
[%clk 1:31:33]} 6. c3 {[%clk 1:32:09]} 6... Ba7 {[%clk 1:31:29]} 7. Re1 { [%clk
1:30:53]} 7... d6 {[%clk 1:31:47]} 8. Nbd2 {[%clk 1:30:52]} 8... h6 { [%clk
1:32:10]} 9. Nf1 {[%clk 1:30:50]} 9... O-O {[%clk 1:32:21]} 10. Ng3 { [%clk
1:29:54]} 10... Na5 {[%clk 1:19:03]} 11. Bb3 {[%clk 1:30:04]} 11... Nxb3 {[%clk
1:19:27]} 12. axb3 {[%clk 1:30:30]} 12... Re8 {[%clk 1:18:30]} 13. b4 { [%clk
1:28:37]} 13... d5 {[%clk 1:15:29]} 14. exd5 {[%clk 1:25:42]} 14... Qxd5 {[%clk
1:15:02]} 15. h3 {[%clk 1:17:19]} 15... c6 {[%clk 0:56:41]} 16. Ra5 { [%clk
1:13:22]} 16... b5 {[%clk 0:55:45]} 17. Be3 {[%clk 1:07:54]} 17... Bb8 { [%clk
0:54:47]} 18. Ne4 {[%clk 0:39:21]} 18... Nxe4 {[%clk 0:51:59]} 19. dxe4 { [%clk
0:39:46]} 19... Qxe4 {[%clk 0:39:47]} 20. Ba7 {[%clk 0:39:23]} 20... Qf4 {[%clk
0:39:33]} 21. Bxb8 {[%clk 0:39:40]} 21... Rxb8 {[%clk 0:39:53]} 22. Qd2 {[%clk
0:19:24]} 22... Qxd2 {[%clk 0:30:43]} 23. Nxd2 {[%clk 0:19:21]} 23... f6 {[%clk
0:29:49]} 24. Ne4 {[%clk 0:17:02]} 24... Rd8 {[%clk 0:29:40]} 25. Kf1 25... Bf5
{[%clk 0:25:20]} 26. Rxa6 {[%clk 0:06:12]} 26... Bxe4 {[%clk 0:25:16] } 27.
Rxe4 {[%clk 0:06:25]} 27... Rd2 {[%clk 0:25:39]} 28. Rxc6 {[%clk 0:03:12] }
28... Rxb2 {[%clk 0:22:46]} 29. f3 {[%clk 0:03:27]} 29... Rd8 {[%clk 0:19:08] }
30. Re2 {[%clk 0:03:14]} 30... Rb1+ {[%clk 0:17:19]} 31. Kf2 {[%clk 0:03:37]}
31... Rc1 {[%clk 0:14:45]} 32. Rc5 {[%clk 0:02:37]} 32... Rd3 {[%clk 0:14:41]}
33. Ra2 {[%clk 0:02:03]} 33... Rdxc3 {[%clk 0:11:34]} 34. Rxc3 {[%clk 0:02:12]}
34... Rxc3 {[%clk 0:12:02]} 35. Ra5 {[%clk 0:02:37]} 35... Rb3 {[%clk 0:10:41]}
36. Rxb5 {[%clk 0:02:42]} 36... Kf7 {[%clk 0:07:34]} 37. Rb7+ {[%clk 0:01:38]}
37... Kg6 {[%clk 0:06:25]} 38. b5 {[%clk 0:01:58]} 38... f5 {[%clk 0:06:42]}
39. b6 {[%clk 0:00:45]} 39... e4 {[%clk 0:06:40]} 40. fxe4 {[%clk 0:00:59]}
40... fxe4 {[%clk 0:06:58]} 41. Rb8 {[%clk 0:01:24]} 41... e3+ {[%clk 0:05:10]}
42. Kf3 {[%clk 0:21:11]} 42... h5 {[%clk 0:35:12]} 43. b7 {[%clk 0:21:13]}
43... Kh7 {[%clk 0:35:17]} 44. Ke2 {[%clk 0:20:45]} 1/2-1/2

[Event "DVM U16 2020"]
[Site "Willingen GER"]
[Date "2021.06.24"]
[Round "2"]
[White "von Krosigk, Florian"]
[Black "Schäfer, Konstantin"]
[Result "1-0"]
[Termination "normal"]
[Board "1.3"]
[WhiteElo "1941"]
[BlackElo "1754"]
[WhiteTeam "Hamburger SK von 1830"]
[BlackTeam "Schachgemeinschaft Leipzig"]
[PlyCount "61"]
[WhiteFideId "16227808"]
[BlackFideId "16240510"]
[EventCountry "GER"]
[EventRounds "7"]
[EventType "team-swiss"]
[EventDate "2021.06.23"]

1. e4 c5 2. Nf3 Nc6 3. Bb5 g6 4. Bxc6 dxc6 5. d3 Bg7 6. h3 Qd6 7. O-O e5 8. a4
Nf6 9. a5 O-O 10. Be3 Nh5 11. Nbd2 Nf4 12. Nc4 Qe7 13. Qd2 f5 14. Bxf4 exf4 15.
Qxf4 fxe4 16. Qxe4 Qc7 17. Nfe5 Bf5 18. Qe3 Rae8 19. Rae1 b5 20. axb6 axb6 21.
f4 g5 22. Qf3 b5 23. Nd2 gxf4 24. Nxc6 Re3 25. Qd5+ Be6 26. Qxc5 Rf5 27. Ne7+
Qxe7 28. Qxe7 Bd4 29. Rxe3 fxe3 30. Qxe6+ Kh8 31. Qxf5 1-0

[Event "DVM U16 2020"]
[Site "Willingen GER"]
[Date "2021.06.24"]
[Round "2"]
[White "Zinke, Mirko"]
[Black "Reyes-Mantilla, Andrés Mauricio"]
[Result "0-1"]
[Termination "normal"]
[Board "1.4"]
[WhiteElo "1534"]
[BlackElo "1584"]
[WhiteClock "00:00:50"]
[BlackClock "00:01:19"]
[WhiteTeam "Schachgemeinschaft Leipzig"]
[BlackTeam "Hamburger SK von 1830"]
[PlyCount "122"]
[WhiteFideId "16240600"]
[BlackFideId "4467248"]
[EventCountry "GER"]
[EventRounds "7"]
[EventType "team-swiss"]
[EventDate "2021.06.23"]

1. Nf3 {[%clk 1:30:54]} 1... Nf6 {[%clk 1:30:07]} 2. g3 {[%clk 1:31:08]} 2...
d5 {[%clk 1:29:52]} 3. Bg2 {[%clk 1:31:18]} 3... c6 {[%clk 1:29:03]} 4. O-O {
[%clk 1:31:36]} 4... Bg4 {[%clk 1:27:24]} 5. d3 {[%clk 1:31:15]} 5... Nbd7 {
[%clk 1:27:16]} 6. Nbd2 {[%clk 1:30:55]} 6... e5 {[%clk 1:22:46]} 7. e4 { [%clk
1:30:27]} 7... Bd6 {[%clk 1:19:06]} 8. Re1 {[%clk 1:25:04]} 8... O-O { [%clk
1:18:06]} 9. h3 {[%clk 1:17:59]} 9... Bh5 {[%clk 1:18:10]} 10. Nf1 { [%clk
1:17:33]} 10... Re8 {[%clk 1:14:20]} 11. g4 {[%clk 1:12:48]} 11... Bg6 { [%clk
1:14:41]} 12. N3h2 {[%clk 1:08:35]} 12... dxe4 {[%clk 1:00:11]} 13. dxe4 {[%clk
1:07:48]} 13... Nc5 {[%clk 0:59:38]} 14. Bg5 {[%clk 0:52:26]} 14... h6 { [%clk
0:54:35]} 15. Bh4 {[%clk 0:48:18]} 15... Re6 {[%clk 0:46:05]} 16. Nd2 { [%clk
0:46:33]} 16... Qc7 {[%clk 0:43:39]} 17. Qe2 {[%clk 0:46:46]} 17... a5 { [%clk
0:39:27]} 18. Bg3 {[%clk 0:41:18]} 18... Nfd7 {[%clk 0:34:46]} 19. Nhf3 { [%clk
0:37:39]} 19... Be7 {[%clk 0:29:04]} 20. Nh4 {[%clk 0:34:57]} 20... Bxh4 {[%clk
0:24:39]} 21. Bxh4 {[%clk 0:33:38]} 21... f6 {[%clk 0:23:03]} 22. Bf1 { [%clk
0:30:29]} 22... Kh7 {[%clk 0:20:13]} 23. Bg3 {[%clk 0:25:50]} 23... Nb6 { [%clk
0:13:24]} 24. Qe3 {[%clk 0:24:19]} 24... Qe7 {[%clk 0:12:48]} 25. Nc4 { [%clk
0:23:55]} 25... Nbd7 {[%clk 0:11:44]} 26. f3 {[%clk 0:24:05]} 26... b5 { [%clk
0:09:59]} 27. Nd2 {[%clk 0:23:34]} 27... Nb6 {[%clk 0:08:16]} 28. Bf2 { [%clk
0:22:16]} 28... Ncd7 {[%clk 0:06:01]} 29. c4 {[%clk 0:19:53]} 29... b4 { [%clk
0:03:10]} 30. c5 {[%clk 0:18:54]} 30... Na4 {[%clk 0:02:18]} 31. Bc4 { [%clk
0:17:40]} 31... Naxc5 {[%clk 0:02:43]} 32. Bxe6 {[%clk 0:17:56]} 32... Nxe6
{[%clk 0:03:00]} 33. Rac1 {[%clk 0:15:41]} 33... c5 {[%clk 0:03:01]} 34. Nc4
{[%clk 0:15:10]} 34... Bf7 {[%clk 0:02:35]} 35. Qd2 {[%clk 0:14:45]} 35... Nd4
{[%clk 0:02:16]} 36. Bxd4 {[%clk 0:14:39]} 36... cxd4 {[%clk 0:02:23]} 37. f4
{[%clk 0:14:00]} 37... Bxc4 {[%clk 0:01:08]} 38. Rxc4 {[%clk 0:14:17]} 38...
Nc5 {[%clk 0:00:52]} 39. Rec1 {[%clk 0:13:38]} 39... Ne6 {[%clk 0:00:44]} 40.
fxe5 {[%clk 0:13:32]} 40... fxe5 {[%clk 0:01:11]} 41. Qf2 {[%clk 0:08:29]}
41... Rf8 {[%clk 0:29:02]} 42. Qh2 {[%clk 0:34:02]} 42... Ng5 {[%clk 0:27:34]}
43. Qg3 {[%clk 0:29:13]} 43... Rf3 {[%clk 0:24:57]} 44. Qg2 {[%clk 0:27:59]}
44... Nxh3+ {[%clk 0:23:50]} 45. Kh1 {[%clk 0:28:07]} 45... Re3 {[%clk 0:21:39]
} 46. Qf1 {[%clk 0:18:14]} 46... Nf4 {[%clk 0:16:18]} 47. R4c2 {[%clk 0:14:31]}
47... Rh3+ {[%clk 0:15:52]} 48. Rh2 {[%clk 0:14:01]} 48... Rxh2+ { [%clk
0:15:22]} 49. Kxh2 {[%clk 0:14:27]} 49... Qh4+ {[%clk 0:15:45]} 50. Kg1 { [%clk
0:14:49]} 50... Qxg4+ {[%clk 0:15:29]} 51. Kf2 {[%clk 0:11:45]} 51... Nh3+
{[%clk 0:09:25]} 52. Ke1 {[%clk 0:12:05]} 52... Qxe4+ {[%clk 0:09:39]} 53. Qe2
{[%clk 0:12:30]} 53... Qf5 {[%clk 0:08:32]} 54. Rc5 {[%clk 0:12:22]} 54... Nf4
{[%clk 0:07:49]} 55. Qc2 {[%clk 0:08:30]} 55... d3 {[%clk 0:05:44]} 56. Qc4
{[%clk 0:07:54]} 56... Qh5 {[%clk 0:04:21]} 57. Qe4+ {[%clk 0:07:24]} 57... Kg8
{[%clk 0:00:37]} 58. Rc8+ {[%clk 0:01:22]} 58... Kf7 {[%clk 0:01:00]} 59. Rc7+
{[%clk 0:01:01]} 59... Kf6 {[%clk 0:00:39]} 60. Rc6+ {[%clk 0:00:44]} 60... Ne6
{[%clk 0:00:53]} 61. Qd5 {[%clk 0:00:50]} 61... Qe2# {[%clk 0:01:19]} 0-1

[Event "DVM U16 2020"]
[Site "Willingen GER"]
[Date "2021.06.24"]
[Round "2"]
[White "Stockmann, Till"]
[Black "Sulayev, Daniel"]
[Result "1/2-1/2"]
[Termination "normal"]
[Board "2.1"]
[WhiteElo "1965"]
[BlackElo "2209"]
[WhiteClock "00:30:26"]
[BlackClock "01:00:32"]
[WhiteTeam "Schachzwerge Magdeburg"]
[BlackTeam "SV Empor Berlin e.V."]
[PlyCount "110"]
[WhiteFideId "12979341"]
[BlackFideId "12977675"]
[EventCountry "GER"]
[EventRounds "7"]
[EventType "team-swiss"]
[EventDate "2021.06.23"]

1. e4 {[%clk 1:30:57]} 1... c5 {[%clk 1:30:49]} 2. Nf3 {[%clk 1:31:21]} 2...
Nc6 {[%clk 1:31:13]} 3. d4 {[%clk 1:31:42]} 3... cxd4 {[%clk 1:31:36]} 4. Nxd4
{[%clk 1:32:07]} 4... e5 {[%clk 1:31:56]} 5. Nb5 {[%clk 1:30:05]} 5... d6 {
[%clk 1:31:54]} 6. N1c3 {[%clk 1:29:37]} 6... a6 {[%clk 1:31:39]} 7. Na3 {
[%clk 1:29:50]} 7... Be6 {[%clk 1:31:54]} 8. g3 {[%clk 1:20:58]} 8... Nf6 {
[%clk 1:31:08]} 9. Bg2 {[%clk 1:20:24]} 9... Be7 {[%clk 1:27:10]} 10. O-O {
[%clk 1:16:44]} 10... O-O {[%clk 1:27:04]} 11. Bg5 {[%clk 1:10:33]} 11... Ng4 {
[%clk 1:15:09]} 12. Bxe7 {[%clk 1:08:55]} 12... Nxe7 {[%clk 1:15:16]} 13. Qd3 {
[%clk 1:07:52]} 13... Rc8 {[%clk 1:09:29]} 14. Nd5 {[%clk 1:03:26]} 14... Nxd5
{[%clk 1:05:25]} 15. exd5 {[%clk 1:03:50]} 15... Bd7 {[%clk 1:05:51]} 16. c4 {
[%clk 1:01:18]} 16... f5 {[%clk 1:05:01]} 17. Nc2 {[%clk 0:58:12]} 17... b5 {
[%clk 1:01:07]} 18. b3 {[%clk 0:57:25]} 18... Qc7 {[%clk 1:01:13]} 19. Na3 {
[%clk 0:53:35]} 19... Qc5 {[%clk 1:00:19]} 20. b4 {[%clk 0:46:16]} 20... Qxb4 {
[%clk 0:57:24]} 21. Rac1 {[%clk 0:43:45]} 21... bxc4 {[%clk 0:56:37]} 22. Rxc4
{[%clk 0:43:04]} 22... Rxc4 {[%clk 0:56:57]} 23. Nxc4 {[%clk 0:43:28]} 23...
Bb5 {[%clk 0:57:06]} 24. Rc1 {[%clk 0:43:44]} 24... Rc8 {[%clk 0:54:28]} 25.
Bf1 {[%clk 0:44:07]} 25... e4 {[%clk 0:53:36]} 26. Qb3 {[%clk 0:43:00]} 26...
Qc5 {[%clk 0:53:42]} 27. Rc2 {[%clk 0:42:51]} 27... Bxc4 {[%clk 0:51:30]} 28.
Bxc4 {[%clk 0:39:43]} 28... Qd4 {[%clk 0:47:33]} 29. Kg2 {[%clk 0:36:26]} 29...
e3 {[%clk 0:42:00]} 30. f3 {[%clk 0:25:26]} 30... Ne5 {[%clk 0:41:12]} 31. Be2
{[%clk 0:24:13]} 31... Rxc2 {[%clk 0:41:17]} 32. Qxc2 {[%clk 0:24:40]} 32...
Qxd5 {[%clk 0:40:13]} 33. Qc8+ {[%clk 0:23:13]} 33... Kf7 {[%clk 0:40:26]} 34.
Qxf5+ {[%clk 0:22:58]} 34... Ke8 {[%clk 0:38:46]} 35. Qc8+ {[%clk 0:19:05]}
35... Ke7 {[%clk 0:39:12]} 36. Qxa6 {[%clk 0:19:14]} 36... Qd2 {[%clk 0:38:45]}
37. f4 {[%clk 0:12:43]} 37... Nc6 {[%clk 0:37:31]} 38. Qd3 {[%clk 0:10:44]}
38... Nd4 {[%clk 0:36:48]} 39. Kf1 {[%clk 0:08:43]} 39... Qc1+ {[%clk 0:31:41]}
40. Kg2 {[%clk 0:05:48]} 40... Nxe2 {[%clk 0:31:13]} 41. Qxe2 {[%clk 0:06:01]}
41... d5 {[%clk 0:31:16]} 42. Kf3 {[%clk 0:02:02]} 42... d4 {[%clk 0:31:36]}
43. Ke4 {[%clk 0:02:10]} 43... Qd2 {[%clk 0:31:04]} 44. Qc4 {[%clk 0:30:21]}
44... Kd6 {[%clk 0:58:47]} 45. Qd5+ {[%clk 0:27:27]} 45... Kc7 {[%clk 0:59:03]}
46. Qc5+ {[%clk 0:27:49]} 46... Kb7 {[%clk 0:59:28]} 47. Qb5+ {[%clk 0:28:00]}
47... Ka7 {[%clk 0:59:50]} 48. Qc5+ {[%clk 0:28:12]} 48... Ka6 {[%clk 1:00:05]}
49. Qc6+ {[%clk 0:28:13]} 49... Ka5 {[%clk 1:00:23]} 50. Qd5+ {[%clk 0:28:33]}
50... Kb4 {[%clk 1:00:27]} 51. Qb3+ {[%clk 0:28:55]} 51... Kc5 {[%clk 1:00:41]}
52. Qd5+ {[%clk 0:29:14]} 52... Kb4 {[%clk 0:59:19]} 53. Qb3+ {[%clk 0:29:38]}
53... Ka5 {[%clk 0:59:46]} 54. Qd5+ {[%clk 0:30:01]} 54... Kb6 {[%clk 1:00:08]}
55. Qd6+ {[%clk 0:30:26]} 55... Kb7 {[%clk 1:00:32]} 1/2-1/2

[Event "DVM U16 2020"]
[Site "Willingen GER"]
[Date "2021.06.24"]
[Round "2"]
[White "Zeuner, Ole"]
[Black "Breitzmann, Sander"]
[Result "1-0"]
[Termination "normal"]
[Board "2.3"]
[WhiteElo "1770"]
[BlackElo "1821"]
[WhiteClock "00:05:20"]
[BlackClock "00:08:38"]
[WhiteTeam "Schachzwerge Magdeburg"]
[BlackTeam "SV Empor Berlin e.V."]
[PlyCount "73"]
[WhiteFideId "12943576"]
[BlackFideId "12987085"]
[EventCountry "GER"]
[EventRounds "7"]
[EventType "team-swiss"]
[EventDate "2021.06.23"]

1. d4 {[%clk 1:30:57]} 1... Nf6 {[%clk 1:30:55]} 2. Bf4 {[%clk 1:31:21]} 2...
e6 {[%clk 1:31:14]} 3. e3 {[%clk 1:31:16]} 3... d5 {[%clk 1:31:24]} 4. Nd2 {
[%clk 1:31:00]} 4... c5 {[%clk 1:31:37]} 5. c3 {[%clk 1:31:24]} 5... Nc6 {
[%clk 1:32:04]} 6. Ngf3 {[%clk 1:31:30]} 6... Bd6 {[%clk 1:31:49]} 7. Bg3 {
[%clk 1:31:53]} 7... O-O {[%clk 1:32:06]} 8. Bd3 {[%clk 1:32:03]} 8... Re8 {
[%clk 1:32:09]} 9. Ne5 {[%clk 1:30:26]} 9... Qc7 {[%clk 1:28:11]} 10. f4 {
[%clk 1:24:06]} 10... b6 {[%clk 1:18:12]} 11. Bh4 {[%clk 1:18:57]} 11... Be7 {
[%clk 1:09:57]} 12. Bxf6 {[%clk 0:57:44]} 12... Bxf6 {[%clk 1:10:12]} 13. Ndf3
{[%clk 0:57:24]} 13... g6 {[%clk 1:06:02]} 14. g4 {[%clk 0:47:33]} 14... Bg7 {
[%clk 0:59:13]} 15. g5 {[%clk 0:44:06]} 15... Ne7 {[%clk 0:58:40]} 16. Qd2 {
[%clk 0:38:03]} 16... Bb7 {[%clk 0:57:26]} 17. h4 {[%clk 0:37:39]} 17... Nf5 {
[%clk 0:57:12]} 18. Qf2 {[%clk 0:35:00]} 18... Rac8 {[%clk 0:51:32]} 19. h5 {
[%clk 0:33:37]} 19... Rf8 {[%clk 0:49:14]} 20. hxg6 {[%clk 0:27:34]} 20... fxg6
{[%clk 0:49:29]} 21. Qh2 {[%clk 0:26:28]} 21... Bxe5 {[%clk 0:49:39]} 22. Nxe5
{[%clk 0:26:33]} 22... Qg7 {[%clk 0:49:58]} 23. Ng4 {[%clk 0:24:48]} 23... Rc7
{[%clk 0:46:23]} 24. Qf2 {[%clk 0:19:12]} 24... Kf7 {[%clk 0:40:43]} 25. Kd2 {
[%clk 0:16:24]} 25... Ke7 {[%clk 0:36:10]} 26. Rh3 {[%clk 0:13:28]} 26... Nd6 {
[%clk 0:31:44]} 27. Rah1 {[%clk 0:12:49]} 27... Kd8 {[%clk 0:31:51]} 28. Rh6 {
[%clk 0:11:22]} 28... cxd4 {[%clk 0:30:35]} 29. exd4 {[%clk 0:08:49]} 29...
Nc4+ {[%clk 0:20:44]} 30. Kc1 {[%clk 0:07:08]} 30... e5 {[%clk 0:19:41]} 31.
Nf6 {[%clk 0:06:13]} 31... Rxf6 {[%clk 0:11:40]} 32. gxf6 {[%clk 0:06:41]}
32... Qxf6 {[%clk 0:11:56]} 33. Bxc4 {[%clk 0:06:12]} 33... exd4 { [%clk
0:09:51]} 34. Bd3 {[%clk 0:04:36]} 34... dxc3 {[%clk 0:09:21]} 35. Qh4 35...
cxb2+ {[%clk 0:08:38]} 36. Kb1 {[%clk 0:05:14]} 36... Qxh4 37. R1xh4 { [%clk
0:05:20]} 1-0

[Event "DVM U16 2020"]
[Site "Willingen GER"]
[Date "2021.06.24"]
[Round "2"]
[White "Ellert, Oliver"]
[Black "Morgenstern, Tobias"]
[Result "0-1"]
[Termination "normal"]
[Board "2.4"]
[WhiteElo "1686"]
[BlackElo "1971"]
[WhiteClock "00:02:20"]
[BlackClock "00:16:25"]
[WhiteTeam "SV Empor Berlin e.V."]
[BlackTeam "Schachzwerge Magdeburg"]
[PlyCount "68"]
[WhiteFideId "16246241"]
[BlackFideId "12974390"]
[EventCountry "GER"]
[EventRounds "7"]
[EventType "team-swiss"]
[EventDate "2021.06.23"]

1. d4 {[%clk 1:30:56]} 1... Nf6 {[%clk 1:30:49]} 2. Bf4 {[%clk 1:31:16]} 2...
g6 {[%clk 1:30:33]} 3. h3 {[%clk 1:31:34]} 3... Bg7 {[%clk 1:30:16]} 4. e3 {
[%clk 1:31:48]} 4... c5 {[%clk 1:30:24]} 5. c3 {[%clk 1:31:57]} 5... b6 { [%clk
1:29:55]} 6. Nf3 {[%clk 1:31:25]} 6... Bb7 {[%clk 1:29:13]} 7. Nbd2 { [%clk
1:30:15]} 7... O-O {[%clk 1:26:21]} 8. Bd3 {[%clk 1:29:57]} 8... d5 { [%clk
1:23:28]} 9. O-O {[%clk 1:29:03]} 9... Nc6 {[%clk 1:22:02]} 10. Ne5 { [%clk
1:24:35]} 10... Nd7 {[%clk 1:17:24]} 11. Nxd7 {[%clk 1:15:12]} 11... Qxd7
{[%clk 1:17:26]} 12. dxc5 {[%clk 1:13:58]} 12... bxc5 {[%clk 1:17:16]} 13. Nb3
{[%clk 1:14:01]} 13... e5 {[%clk 1:09:38]} 14. Bh2 {[%clk 1:04:09]} 14... Qe7 {
[%clk 1:09:47]} 15. Nd2 {[%clk 0:59:41]} 15... Rad8 {[%clk 1:06:19]} 16. Qc2 {
[%clk 0:43:32]} 16... f5 {[%clk 1:01:58]} 17. Rfe1 {[%clk 0:40:21]} 17... Kh8 {
[%clk 0:58:46]} 18. Rad1 {[%clk 0:38:24]} 18... e4 {[%clk 0:56:53]} 19. Bf1 {
[%clk 0:38:04]} 19... g5 {[%clk 0:52:41]} 20. a3 {[%clk 0:31:19]} 20... Ne5 {
[%clk 0:46:52]} 21. Nb3 {[%clk 0:29:07]} 21... g4 {[%clk 0:43:15]} 22. h4 {
[%clk 0:28:19]} 22... Qxh4 {[%clk 0:36:44]} 23. Bxe5 {[%clk 0:17:48]} 23...
Bxe5 {[%clk 0:36:22]} 24. g3 {[%clk 0:18:13]} 24... Qe7 {[%clk 0:33:57]} 25.
Rd2 {[%clk 0:17:32]} 25... h5 {[%clk 0:21:36]} 26. Be2 {[%clk 0:16:03]} 26...
h4 {[%clk 0:19:37]} 27. Kg2 {[%clk 0:15:59]} 27... hxg3 {[%clk 0:19:29]} 28.
Rh1+ {[%clk 0:15:29]} 28... Kg7 {[%clk 0:19:48]} 29. fxg3 {[%clk 0:15:42]}
29... Qg5 {[%clk 0:18:40]} 30. Nxc5 {[%clk 0:14:48]} 30... Bc8 {[%clk 0:16:25]}
31. Kf1 {[%clk 0:05:39]} 31... Qxe3 {[%clk 0:16:26]} 32. Nb3 {[%clk 0:05:10]}
32... Rh8 {[%clk 0:15:58]} 33. Rg1 {[%clk 0:04:31]} 33... Bxg3 {[%clk 0:16:07]}
34. Bb5 {[%clk 0:02:20]} 34... Qe1+ {[%clk 0:16:25]} 0-1